00287nam a2200121Ia 4500008004100000041001200041082001800053100001600071245002500087260002700112300001100139650001500150231217s9999 xx 000 0 und d aEnglish a658.4063 ADA aAdair, John 0aEffective innovation c1996bPan bks., London axi+292 aInnovation